Normal view MARC view
  • Vaid.N.K.

Entry Personal Name

Number of records used in: 1

001 - CONTROL NUMBER

  • control field: 4799

003 - CONTROL NUMBER IDENTIFIER

  • control field: OSt

005 - DATE AND TIME OF LATEST TRANSACTION

  • control field: 20180116085311.0

008 - FIXED-LENGTH DATA ELEMENTS

  • fixed length control field: 180116|| aca||aabn | a|a d

040 ## - CATALOGING SOURCE

  • Original cataloging agency: OSt
  • Transcribing agency: OSt

100 ## - HEADING--PERSONAL NAME

  • Personal name: Vaid.N.K.

670 ## - SOURCE DATA FOUND

  • Source citation: Work cat.: (OSt): Vaid.N.K., Who cares for Tribaldev, 2004

Powered by Koha